000 01013cam a22002894a 4500
001 12442236
003 OSt
005 20180117174907.0
008 010615s2002 maua b 001 0 eng
010 _a 2001092452
_z 2001044188
020 _a9780071314640
040 _aDLC
_cDLC
_dDLC
042 _apcc
082 _a658.4038
_bHAA 2013
100 1 _aHaag, Stephen.
_912349
245 1 0 _aManagement information systems for the information age /
_cStephen Haag, Maeve Cummings.
250 _a9th. ed.
260 _aBoston :
_bMcGraw-Hill Irwin,
_c2013.
300 _axxxiii, 554 p. :
_bcol. ill. ;
_c29 cm.
504 _aIncludes bibliographical references and index.
650 0 _aManagement information systems.
_95366
650 0 _aInformation technology.
_95622
700 1 _aCummings, Maeve.
_912350
906 _a7
_bcbc
_corignew
_d1
_eocip
_f20
_gy-gencatlg
942 _2ddc
_cSLOAN
999 _c5952
_d5952